01563nam a22002297a 4500003001700000005001700017008004100034020001800075040000700093082001400100100002000114245010700134250000600241260004200247300002600289365006200315520074600377650003201123942001201155999001901167952014701186St Aloysius Coll20260109182441.0260109b |||||||| |||| 00| 0 eng d a9789364551144 cAL a340bTAXT aTaxmann9250929 aTaxmans Bare Act with section notesb: employees provident funds and miscellaneous provisions Act 1952 a5 aNew DElhibTaxmann Publicationsc2026 a297p.bPBc23.8x16cm. 2Generala5402b₹340.00c₹d₹425.00e20%f03/01/2026 aEmployees' Provident Funds and Miscellaneous Provisions Act 1952 with Rules [Bare Act with Section Notes] by Taxmann is a comprehensive and updated statutory compilation that brings together India's foundational legislation governing provident funds, pensions, and social security benefits for employees. The 2026 Edition presents the law as amended up to date, combining the Act with allied Schemes, Rules, and Tribunal procedures to provide a one-stop legal reference for readers. This Edition reflects the latest amendments, judicial interpretations, and government notifications, ensuring readers have access to an accurate and authoritative text supported by Taxmann's Section Notes that aid in interpretation and practical application. 2Provident FundaLaw9250930 2ddccBK c240741d240741 00102ddc40708MSWaSACPGbSACPGd2026-01-07eBiblios Book Pointg340.00l0o340 TAXTpPG025147r2026-01-09 17:54:20v425.00w0000-00-00yBK